000 00750nam a2200229 a 4500
999 _c9169
_d9169
001 9169
003 BD-JhCC
005 20180523113508.0
008 180310s1969 bg |||| || | 000 0 ben d
035 _a(BD-JhCC)9169
040 _aBD-JhCC
_dBD-JhCC
041 _aben
082 _a323.63
_bSMI 1969
100 _aস্মিথ, অলিভার গোল্ড
245 _aবিশ্ব নাগরিক /
_cঅলিভার গোল্ড স্মিথ, আবদার রশীদ (অনূদিত)
260 _aঢাকা :
_bবাংলা একাডেমী /
_c1969
300 _a492 p. :
_c21 cm.
650 _aPolitical Rights
700 _aরশীদ,আবদার
942 _2ddc
_cBK